00421 2200181 4500245003600000020001700036250001100053100001600064700001800080700001800098650001800116005001900134260003300153041001400186084000800200300002200208336000900230 aBy Your SidecWest, KasiehText a978-602-6682 aCet. 1 aWest, Kasie aMery Riansyah aSelsa Chintya aFiksi Inggris a20240909082311 aDepokbPenerbit Springc2018 aIndonesia a823 a328 hlm. :c19 cm atext